[Event "BPB Limburg open B"]
[Site "Maastricht"]
[Date "2015.05.23"]
[Round "3"]
[White "De Feijter, Bas"]
[Black "Beukema, Jasper"]
[Result "1/2-1/2"]
[WhiteElo "2007"]
[BlackElo "1933"]
[PlyCount "52"]
[EventDate "2015.05.22"]
[EventType "swiss"]
[EventRounds "7"]
[EventCountry "NED"]
[Source "P.Boonen"]
[SourceDate "2015.10.01"]

1. d4 d5 2. c4 e6 3. Nf3 Nf6 4. g3 c6 5. Qc2 Nbd7 6. Bg2 Be7 7. O-O O-O 8. Nbd2
b6 9. e4 dxe4 10. Nxe4 Nxe4 11. Qxe4 Bb7 12. Rd1 Qc8 13. Qc2 c5 14. d5 exd5 15.
cxd5 Bd6 16. b3 Ne5 17. Ng5 Ng6 18. Bb2 Qg4 19. h4 h6 20. Bf3 Qd7 21. Ne4 Be5
22. h5 Bxb2 23. Qxb2 Qf5 24. Qe2 Ne5 25. Bg2 Bc8 26. Nd6 Qf6 1/2-1/2

[Event "BPB Limburg open B"]
[Site "Maastricht"]
[Date "2015.05.23"]
[Round "3"]
[White "De Mon, Gino"]
[Black "Rietveld, Leo"]
[Result "1/2-1/2"]
[WhiteElo "1855"]
[BlackElo "1998"]
[PlyCount "77"]
[EventDate "2015.05.22"]
[EventType "swiss"]
[EventRounds "7"]
[EventCountry "NED"]
[Source "P.Boonen"]
[SourceDate "2015.10.01"]

1. e4 d5 2. exd5 Nf6 3. d4 Bg4 4. Nf3 Qxd5 5. Nc3 Qa5 6. Bc4 c6 7. Bd2 e6 8. h3
Qh5 9. Be2 Bd6 10. Be3 Nbd7 11. Qd2 O-O 12. Bf4 Bb4 13. O-O Bxf3 14. Bxf3 Qa5
15. Qd3 Bxc3 16. bxc3 e5 17. Bg3 e4 18. Bxe4 Nxe4 19. Qxe4 Qxc3 20. Qf5 Nb6 21.
Qc5 Nd5 22. Rae1 Qxc5 23. dxc5 b5 24. Re4 f6 25. Rfe1 Kf7 26. c4 bxc4 27. Rxc4
Rfe8 28. Rb1 g5 29. Bd6 Re2 30. Rb7+ Kg6 31. a3 a5 32. Rd4 Nc3 33. Rd3 Rc2 34.
Rb6 Rc8 35. Ra6 a4 36. Re3 h5 37. f3 h4 38. Ra7 Nd5 39. Re1 1/2-1/2

[Event "BPB Limburg open B"]
[Site "Maastricht"]
[Date "2015.05.23"]
[Round "3"]
[White "Erikstad, Olav"]
[Black "Dietz, Jonas"]
[Result "1-0"]
[WhiteElo "1853"]
[BlackElo "1744"]
[PlyCount "113"]
[EventDate "2015.05.22"]
[EventType "swiss"]
[EventRounds "7"]
[EventCountry "NED"]
[Source "P.Boonen"]
[SourceDate "2015.10.01"]

1. e4 e6 2. d4 d5 3. e5 c5 4. c3 Nc6 5. Nf3 Qb6 6. Bd3 Bd7 7. O-O cxd4 8. cxd4
Nxd4 9. Nxd4 Qxd4 10. Nc3 a6 11. Qf3 Bb4 12. Rd1 Qxe5 13. Bf4 Qf6 14. Qg3 Bxc3
15. bxc3 Ne7 16. Be5 Nf5 17. Bxf6 Nxg3 18. Bxg7 Rg8 19. Be5 Ne4 20. f3 Ng5 21.
Kf2 f5 22. c4 Nf7 23. Bf4 e5 24. Bxe5 Nxe5 25. Re1 Kd8 26. Rxe5 dxc4 27. Bxc4
Re8 28. Rd5 Rc8 29. Bd3 Re7 30. Bxf5 Ke8 31. Be4 Bc6 32. Rc5 Rd8 33. Bxc6+ bxc6
34. Rc2 Rd6 35. Re1 Rxe1 36. Kxe1 Kf7 37. Rc5 Re6+ 38. Kf2 Rd6 39. Ra5 c5 40.
a3 Rc6 41. Ke2 Ke6 42. Kd3 Kd5 43. Kc3 Re6 44. Kd3 Rc6 45. Ra4 Rb6 46. Kc3 h6
47. Rh4 Rf6 48. Rh5+ Kc6 49. Re5 Kd6 50. Re4 Kd5 51. Rh4 Kd6 52. Kc4 Kc6 53.
Re4 Kd6 54. f4 Rf8 55. g3 Rb8 56. Re5 Rb2 57. Rh5 1-0

[Event "BPB Limburg open B"]
[Site "Maastricht"]
[Date "2015.05.23"]
[Round "3"]
[White "Eveleens, Ed"]
[Black "Stuch, Hans Ferdinand"]
[Result "0-1"]
[WhiteElo "1777"]
[BlackElo "1767"]
[PlyCount "48"]
[EventDate "2015.05.22"]
[EventType "swiss"]
[EventRounds "7"]
[EventCountry "NED"]
[Source "P.Boonen"]
[SourceDate "2015.10.01"]

1. e4 e5 2. Nf3 Nf6 3. d3 Nc6 4. c3 d5 5. exd5 Nxd5 6. Nbd2 Be7 7. Ne4 O-O 8.
Bg5 Bxg5 9. Nexg5 h6 10. Ne4 Nf4 11. g3 Ne6 12. b4 a6 13. a4 Kh8 14. h4 f5 15.
Ned2 Qf6 16. Qb3 e4 17. Ng1 exd3 18. Ngf3 Ne5 19. Ng5 Nxg5 20. hxg5 Qxg5 21.
O-O-O Qf6 22. Re1 Be6 23. Qd1 Ng4 24. Qf3 Qxc3+ 0-1

[Event "BPB Limburg open B"]
[Site "Maastricht"]
[Date "2015.05.23"]
[Round "3"]
[White "Goes, Dirk"]
[Black "Verhoef, Ruud"]
[Result "1/2-1/2"]
[WhiteElo "1936"]
[BlackElo "1897"]
[PlyCount "43"]
[EventDate "2015.05.22"]
[EventType "swiss"]
[EventRounds "7"]
[EventCountry "NED"]
[Source "P.Boonen"]
[SourceDate "2015.10.01"]

1. d4 Nf6 2. Bg5 g6 3. Bxf6 exf6 4. e3 Bg7 5. Nd2 b6 6. Ngf3 Bb7 7. g3 d6 8.
Bg2 Nd7 9. O-O Qe7 10. c3 f5 11. Re1 Nf6 12. Qa4+ Qd7 13. Qxd7+ Nxd7 14. e4
fxe4 15. Nxe4 O-O 16. Nfd2 d5 17. Ng5 Rfe8 18. f4 Nf6 19. h3 h6 20. Ngf3 Rac8
21. Ne5 Bf8 22. Rad1 1/2-1/2

[Event "BPB Limburg open B"]
[Site "Maastricht"]
[Date "2015.05.23"]
[Round "3"]
[White "Hammers, Michael"]
[Black "Broekhuis, Jan"]
[Result "1/2-1/2"]
[WhiteElo "1673"]
[BlackElo "1865"]
[PlyCount "111"]
[EventDate "2015.05.22"]
[EventType "swiss"]
[EventRounds "7"]
[EventCountry "NED"]
[Source "P.Boonen"]
[SourceDate "2015.10.01"]

1. e4 e6 2. d4 d5 3. exd5 exd5 4. Bd3 Be7 5. Ne2 Nf6 6. Nbc3 c6 7. O-O O-O 8.
Ng3 Bg4 9. f3 Bc8 10. Nf5 Bxf5 11. Bxf5 h6 12. Ne2 Bd6 13. Bf4 Qc7 14. Bxd6
Qxd6 15. Ng3 Na6 16. Qd2 Rfe8 17. c3 Nc7 18. Rfe1 Kf8 19. Bc2 Rxe1+ 20. Rxe1
Re8 21. Rxe8+ Ncxe8 22. Nf5 Qe6 23. Qe3 Qxe3+ 24. Nxe3 Nd6 25. Kf2 Ke7 26. Bf5
g6 27. Bd3 h5 28. h4 Nde8 29. Nf1 Ng7 30. Nd2 Ne6 31. g3 Nd7 32. Nb3 b5 33. Nc1
Nb6 34. Ne2 Nd7 35. Ke3 Nb6 36. b3 a5 37. Nf4 Ng7 38. g4 Nd7 39. gxh5 gxh5 40.
c4 bxc4 41. bxc4 dxc4 42. Bxc4 Nf5+ 43. Ke4 Nd6+ 44. Kd3 Nf6 45. Bb3 Nf5 46.
Ng2 Ng7 47. Ba4 Kd6 48. Ne3 Nd5 49. Nc4+ Kc7 50. Ke4 Nc3+ 51. Ke5 Nxa4 52. Nxa5
Nc3 53. Kf6 Ne6 54. Kxf7 Nxd4 55. Nxc6 Kxc6 56. Kg6 1/2-1/2

[Event "BPB Limburg open B"]
[Site "Maastricht"]
[Date "2015.05.23"]
[Round "3"]
[White "Hoefken, Tom"]
[Black "Mossin, Ivar Alexander"]
[Result "1-0"]
[WhiteElo "1878"]
[BlackElo "1757"]
[PlyCount "61"]
[EventDate "2015.05.22"]
[EventType "swiss"]
[EventRounds "7"]
[EventCountry "NED"]
[Source "P.Boonen"]
[SourceDate "2015.10.01"]

1. e4 e6 2. d4 d5 3. Nd2 Nf6 4. e5 Nfd7 5. Bd3 c5 6. c3 Nc6 7. Ne2 cxd4 8. cxd4
f6 9. Nf4 Nxd4 10. Qh5+ Ke7 11. Ng6+ hxg6 12. exf6+ gxf6 13. Qxh8 Ne5 14. Qh7+
Kd6 15. Bxg6 Bd7 16. Nb3 Nxb3 17. axb3 Qb6 18. O-O Qxb3 19. Bc2 Qb4 20. b3 Qc3
21. Ba3+ Kc6 22. b4 Bxb4 23. Bxb4 Qxb4 24. Rfb1 Qd4 25. Qe7 Kc7 26. Ba4 Rd8 27.
Rc1+ Nc6 28. Bxc6 bxc6 29. Ra6 Kc8 30. Raxc6+ Kb7 31. Rc7+ 1-0

[Event "BPB Limburg open B"]
[Site "Maastricht"]
[Date "2015.05.23"]
[Round "3"]
[White "Ibrahim, Ashraf"]
[Black "Cillen, Jeroen"]
[Result "1-0"]
[WhiteElo "1824"]
[BlackElo "1882"]
[PlyCount "79"]
[EventDate "2015.05.22"]
[EventType "swiss"]
[EventRounds "7"]
[EventCountry "NED"]
[Source "P.Boonen"]
[SourceDate "2015.10.01"]

1. d4 Nf6 2. c4 g6 3. Nc3 Bg7 4. e4 d6 5. f3 O-O 6. Be3 c6 7. Qd2 e5 8. d5 Qc7
9. Bd3 Ne8 10. g4 Na6 11. Nge2 Nb4 12. Bb1 cxd5 13. Nxd5 Nxd5 14. cxd5 Bd7 15.
Bd3 Rc8 16. Rc1 Qb8 17. Rxc8 Bxc8 18. h4 Qc7 19. Nc3 a6 20. Na4 f5 21. gxf5
gxf5 22. Rg1 f4 23. Bf2 Rf6 24. Nb6 Kh8 25. Ke2 Qd8 26. Qc3 Bh3 27. Rh1 Bd7 28.
Rc1 Kg8 29. Nxd7 Qxd7 30. Qc8 Rf7 31. Bb6 Qxc8 32. Rxc8 Kf8 33. Bd8 Bf6 34.
Bxf6 Rxf6 35. Rb8 Rf7 36. b4 Re7 37. b5 Rc7 38. bxa6 bxa6 39. Bxa6 Rc2+ 40. Kd1
{Time} 1-0

[Event "BPB Limburg open B"]
[Site "Maastricht"]
[Date "2015.05.23"]
[Round "3"]
[White "Iov, Dmitrii"]
[Black "Valenta, Richard"]
[Result "1/2-1/2"]
[WhiteElo "1916"]
[BlackElo "1810"]
[PlyCount "132"]
[EventDate "2015.05.22"]
[EventType "swiss"]
[EventRounds "7"]
[EventCountry "NED"]
[Source "P.Boonen"]
[SourceDate "2015.10.01"]

1. d4 Nf6 2. c4 d6 3. Nf3 g6 4. Nc3 Bg7 5. e4 c6 6. Be2 O-O 7. O-O Bg4 8. h3
Bxf3 9. Bxf3 Nbd7 10. Rb1 c5 11. d5 Nb6 12. Be2 Nfd7 13. f4 Qc7 14. Nb5 Qb8 15.
a4 a6 16. Nc3 Qc7 17. Be3 Rae8 18. Qc2 e6 19. dxe6 fxe6 20. Rbd1 Nc8 21. Qd3
Nb8 22. f5 exf5 23. exf5 gxf5 24. Bh5 Rxe3 25. Qxe3 Bd4 26. Rxd4 cxd4 27. Qe6+
Kh8 28. Nd5 Qd7 29. Qh6 Qg7 30. Qf4 Nd7 31. Qd2 Nc5 32. Nf4 Ne4 33. Qd3 Qe5 34.
Ne2 Nc5 35. Qxd4 Nxa4 36. b3 Nc5 37. b4 Ne4 38. Qd3 Ne7 39. Bf3 Rg8 40. Bxe4
fxe4 41. Qe3 Nf5 42. Qf2 Ng3 43. Nxg3 Rxg3 44. Qf8+ Rg8 45. Qf6+ Qxf6 46. Rxf6
Rc8 47. Rxd6 Rxc4 48. Rd8+ Kg7 49. Rd7+ Kf6 50. Rxb7 Ke5 51. Kf2 Rc2+ 52. Ke3
Rc3+ 53. Kd2 Rg3 54. Rxh7 Rxg2+ 55. Ke3 Rg3+ 56. Kf2 Rb3 57. Rh6 Rxb4 58. Rxa6
Rb2+ 59. Kg3 Kd4 60. h4 Ke3 61. Ra3+ Ke2 62. Kf4 Kf1 63. Rc3 Rh2 64. Kg3 Re2
65. Kf4 Rh2 66. Kg3 Re2 1/2-1/2

[Event "BPB Limburg open B"]
[Site "Maastricht"]
[Date "2015.05.23"]
[Round "3"]
[White "Jansen, Ingeborg"]
[Black "Roufs, Gerard"]
[Result "1/2-1/2"]
[WhiteElo "1840"]
[BlackElo "1986"]
[PlyCount "69"]
[EventDate "2015.05.22"]
[EventType "swiss"]
[EventRounds "7"]
[EventCountry "NED"]
[Source "P.Boonen"]
[SourceDate "2015.10.01"]

1. e4 e6 2. d4 d5 3. exd5 exd5 4. c3 Bd6 5. Bd3 Ne7 6. Qc2 Nbc6 7. Be3 Be6 8.
Nd2 Qd7 9. Ne2 Bf5 10. O-O O-O 11. Bf4 Bxd3 12. Qxd3 Ng6 13. Bxd6 Qxd6 14. f4
f5 15. g3 Qe6 16. Rae1 Rae8 17. Kf2 Nd8 18. Ng1 Qd7 19. Ngf3 c6 20. Ne5 Nxe5
21. dxe5 Ne6 22. b4 Qc7 23. Nb3 Qb6+ 24. Qe3 Qxe3+ 25. Kxe3 Kf7 26. Nd4 Nxd4
27. cxd4 Ke6 28. Rc1 a5 29. bxa5 Ra8 30. Rc5 Ra7 31. Rb1 Kd7 32. a3 Kc7 33.
Rbc1 Kd7 34. Rb1 Kc7 35. Rbc1 1/2-1/2

[Event "BPB Limburg open B"]
[Site "Maastricht"]
[Date "2015.05.23"]
[Round "3"]
[White "Jensen, Johnny"]
[Black "Corneth, Erik"]
[Result "1/2-1/2"]
[WhiteElo "1853"]
[BlackElo "1984"]
[PlyCount "82"]
[EventDate "2015.05.22"]
[EventType "swiss"]
[EventRounds "7"]
[EventCountry "NED"]
[Source "P.Boonen"]
[SourceDate "2015.10.01"]

1. e4 Nf6 2. e5 Nd5 3. d4 d6 4. c4 Nb6 5. f4 dxe5 6. fxe5 c5 7. d5 g6 8. Nf3
Bg4 9. h3 Bxf3 10. Qxf3 Bg7 11. Bf4 O-O 12. Nc3 e6 13. O-O-O Qc8 14. Nb5 N8d7
15. Qe3 Qb8 16. d6 Qc8 17. Re1 a6 18. Nc7 Rb8 19. Bd3 Na8 20. Nxa8 Rxa8 21.
Rhf1 b5 22. h4 bxc4 23. Bxc4 Qb7 24. g4 Qb4 25. Qc3 Rfb8 26. Rf3 Rb6 27. a3
Qxc3+ 28. Rxc3 Rab8 29. Rc2 h6 30. h5 g5 31. Bg3 Rd8 32. Rc3 Rdb8 33. Rc2 R8b7
34. Rd2 Kf8 35. Rf2 Ke8 36. Rd2 Nb8 37. Bf2 Nd7 38. Bg3 a5 39. Rc2 a4 40. Ree2
Rc6 41. Re4 Rbb6 1/2-1/2

[Event "BPB Limburg open B"]
[Site "Maastricht"]
[Date "2015.05.23"]
[Round "3"]
[White "Karstens, Lex"]
[Black "Van Randtwijk, Mick"]
[Result "1/2-1/2"]
[WhiteElo "1852"]
[BlackElo "1852"]
[PlyCount "63"]
[EventDate "2015.05.22"]
[EventType "swiss"]
[EventRounds "7"]
[EventCountry "NED"]
[Source "P.Boonen"]
[SourceDate "2015.10.01"]

1. d4 Nf6 2. Bg5 e6 3. e4 h6 4. Bxf6 Qxf6 5. c3 c5 6. Nf3 b6 7. Bd3 Bb7 8. Nbd2
d5 9. Bb5+ Kd8 10. exd5 exd5 11. O-O a6 12. Ba4 b5 13. Bc2 Kc7 14. dxc5 Bxc5
15. Nb3 Bb6 16. a4 Nc6 17. axb5 axb5 18. Rxa8 Rxa8 19. Nbd4 Nxd4 20. cxd4 Bc6
21. Bb3 Re8 22. Bc2 Kb7 23. Qd3 Bc7 24. Bb3 g5 25. Bxd5 Kb6 26. Bxc6 Qxc6 27.
g3 Qe4 28. Qc3 Qc6 29. Qd3 Qe4 30. Qxe4 Rxe4 31. Re1 Rxe1+ 32. Nxe1 1/2-1/2

[Event "BPB Limburg open B"]
[Site "Maastricht"]
[Date "2015.05.23"]
[Round "3"]
[White "Kaufung, Christian"]
[Black "Schleipfenbauer, Bent"]
[Result "1/2-1/2"]
[WhiteElo "1822"]
[BlackElo "2030"]
[PlyCount "86"]
[EventDate "2015.05.22"]
[EventType "swiss"]
[EventRounds "7"]
[EventCountry "NED"]
[Source "P.Boonen"]
[SourceDate "2015.10.01"]

1. d4 Nf6 2. Bf4 d5 3. Nf3 e6 4. e3 c5 5. c3 Nc6 6. Nbd2 Bd6 7. Bg3 b6 8. Bd3
Bb7 9. Qc2 c4 10. Be2 Qc7 11. e4 Bxg3 12. hxg3 dxe4 13. Nxe4 Nxe4 14. Qxe4
O-O-O 15. Qc2 g6 16. Qa4 e5 17. Qxc4 e4 18. Ng5 e3 19. f4 Rd7 20. Rxh7 Rxh7 21.
Nxh7 Kb8 22. Nf6 Rd8 23. Nd5 Qd7 24. Nxe3 Re8 25. Qd3 Qe7 26. Ng4 g5 27. Kd2
Na5 28. b4 Be4 29. Qe3 Nb7 30. Bf3 Nd6 31. Ne5 f6 32. Nc6+ Bxc6 33. Qxe7 Rxe7
34. Bxc6 Kc7 35. Bf3 Nc4+ 36. Kc2 b5 37. Rh1 g4 38. Bd1 f5 39. a4 a6 40. a5 Re3
41. Rh7+ Kb8 42. Rh8+ Kb7 43. Rh7+ Kb8 1/2-1/2

[Event "BPB Limburg open B"]
[Site "Maastricht"]
[Date "2015.05.23"]
[Round "3"]
[White "Larkin, Vladislav"]
[Black "Boudry, William"]
[Result "1-0"]
[WhiteElo "1863"]
[BlackElo "1711"]
[PlyCount "85"]
[EventDate "2015.05.22"]
[EventType "swiss"]
[EventRounds "7"]
[EventCountry "NED"]
[Source "P.Boonen"]
[SourceDate "2015.10.01"]

1. Nf3 Nf6 2. g3 g6 3. Bg2 Bg7 4. O-O O-O 5. d4 d6 6. b3 Nbd7 7. Bb2 c5 8. d5
b5 9. Re1 Qb6 10. e4 Bb7 11. Nbd2 Rfc8 12. c4 bxc4 13. Nxc4 Qd8 14. e5 Nxe5 15.
Nfxe5 dxe5 16. Bh3 Bxd5 17. Bxc8 Qxc8 18. Nxe5 Qh3 19. f3 e6 20. Qe2 h5 21. Qg2
Qf5 22. Rac1 Rc8 23. Qf2 Qh3 24. Qg2 Qf5 25. Qf2 Qh3 26. b4 Rb8 27. bxc5 Bxf3
28. Qxf3 Rxb2 29. Re2 Rb8 30. c6 Rc8 31. c7 Qf5 32. Qxf5 gxf5 33. Rb2 Nd7 34.
Rd2 Bxe5 35. Rxd7 Kg7 36. Kg2 Kg6 37. Kh3 Bf6 38. Rc5 Bg5 39. Rb5 Bf6 40. Rb8
Rxc7 41. Rxc7 Be5 42. Rg8+ Kh7 43. Rcc8 1-0

[Event "BPB Limburg open B"]
[Site "Maastricht"]
[Date "2015.05.23"]
[Round "3"]
[White "Londers, Jan"]
[Black "Arns, Danny"]
[Result "1-0"]
[WhiteElo "1835"]
[BlackElo "1841"]
[PlyCount "61"]
[EventDate "2015.05.22"]
[EventType "swiss"]
[EventRounds "7"]
[EventCountry "NED"]
[Source "P.Boonen"]
[SourceDate "2015.10.01"]

1. e4 e6 2. Nf3 d5 3. e5 c5 4. b4 cxb4 5. d4 Nc6 6. a3 bxa3 7. c3 Bd7 8. Bd3 f6
9. Nh4 Qe7 10. Ng6 hxg6 11. Bxg6+ Kd8 12. Bxa3 Qxa3 13. Nxa3 fxe5 14. dxe5 Nxe5
15. Bd3 Nf6 16. O-O Bd6 17. Nb5 Bb8 18. Be2 Nc4 19. h3 Bxb5 20. Rb1 Ba6 21.
Bxc4 Bxc4 22. Re1 Rh4 23. Rxb7 Ng4 24. Qa4 Bh2+ 25. Kh1 Bc7 26. Rxe6 Nxf2+ 27.
Kg1 Nxh3+ 28. gxh3 Rh8 29. Rd6+ Kc8 30. Qc6 Bf1 31. Qxc7# 1-0

[Event "BPB Limburg open B"]
[Site "Maastricht"]
[Date "2015.05.23"]
[Round "3"]
[White "Mestrom, Wolf"]
[Black "Kuehn, Patrick1"]
[Result "1/2-1/2"]
[WhiteElo "1834"]
[BlackElo "2039"]
[PlyCount "114"]
[EventDate "2015.05.22"]
[EventType "swiss"]
[EventRounds "7"]
[EventCountry "NED"]
[Source "P.Boonen"]
[SourceDate "2015.10.01"]

1. d4 Nf6 2. c4 g6 3. Nc3 Bg7 4. e4 d6 5. h3 O-O 6. Bg5 c5 7. d5 h6 8. Be3 b5
9. cxb5 a6 10. Qd2 Qa5 11. bxa6 Bxa6 12. Bxa6 Nxa6 13. Nge2 Rfb8 14. O-O Kh7
15. a3 Nd7 16. f4 Nc7 17. Rfb1 Rb3 18. Qc2 Rab8 19. Nc1 Rxb2 20. Rxb2 Rxb2 21.
Qxb2 Bxc3 22. Bd2 Bxb2 23. Bxa5 Bxa1 24. Bxc7 Bb2 25. Ne2 Bxa3 26. Bd8 e6 27.
Kf2 Kg7 28. Ke3 Kf8 29. Kd3 Bb4 30. Kc4 Ke8 31. Bh4 Nf8 32. Kb5 Kd7 33. Bf6 Nh7
34. Bg7 h5 35. g4 hxg4 36. hxg4 g5 37. f5 exf5 38. exf5 f6 39. Ng3 Bc3 40. Ne4
Be5 41. Nd2 Kc7 42. Ne4 Kb7 43. Nd2 Kc7 44. Ne4 Kd7 45. Kc4 Ke7 46. Kb5 Nf8 47.
Bxf8+ Kxf8 48. Nd2 Ke7 49. Nc4 Kd7 50. Nb6+ Ke7 51. Nc4 Bd4 52. Na5 Bc3 53. Nc4
Kd7 54. Kb6 Bb4 55. Kb7 Bc3 56. Kb6 Bb4 57. Kb7 Bc3 1/2-1/2

[Event "BPB Limburg open B"]
[Site "Maastricht"]
[Date "2015.05.23"]
[Round "3"]
[White "Meul, Willi"]
[Black "Klein, Gernot"]
[Result "0-1"]
[WhiteElo "1831"]
[BlackElo "1971"]
[PlyCount "94"]
[EventDate "2015.05.22"]
[EventType "swiss"]
[EventRounds "7"]
[EventCountry "NED"]
[Source "P.Boonen"]
[SourceDate "2015.10.01"]

1. d4 d5 2. Nf3 c6 3. Bf4 Qb6 4. b3 Bf5 5. e3 Nf6 6. Bd3 Bg6 7. Ne5 Nbd7 8.
Nxg6 hxg6 9. g4 e6 10. c3 Ne4 11. f3 g5 12. fxe4 gxf4 13. exd5 exd5 14. exf4
O-O-O 15. Qd2 Nf6 16. Kd1 Kb8 17. g5 Ne8 18. b4 Bd6 19. h4 Qc7 20. f5 Bf4 21.
Qg2 f6 22. g6 Nd6 23. Nd2 Rde8 24. a4 Re3 25. Kc2 Rhe8 26. Rh3 Rxh3 27. Qxh3
Re3 28. Qg4 Bh6 29. Nf1 Re8 30. Qg3 Qe7 31. b5 Ka8 32. bxc6 bxc6 33. Rb1 Ne4
34. Qh2 Qa3 35. Bxe4 Qxa4+ 36. Rb3 dxe4 37. Qc7 Qa6 38. d5 Qe2+ 39. Kb1 Qxf1+
40. Ka2 Qe2+ 41. Rb2 Qa6+ 42. Kb1 Rc8 43. Qd7 cxd5 44. Qxd5+ Qc6 45. Qb3 Qd7
46. Qb4 Re8 47. Ka2 Be3 0-1

[Event "BPB Limburg open B"]
[Site "Maastricht"]
[Date "2015.05.23"]
[Round "3"]
[White "Meyer, Stefan2"]
[Black "Schubert, Karl"]
[Result "1/2-1/2"]
[WhiteElo "1768"]
[BlackElo "1952"]
[PlyCount "103"]
[EventDate "2015.05.22"]
[EventType "swiss"]
[EventRounds "7"]
[EventCountry "NED"]
[Source "P.Boonen"]
[SourceDate "2015.10.01"]

1. d4 d6 2. c4 f5 3. Nc3 Nf6 4. Nf3 g6 5. e3 Bg7 6. Bd3 O-O 7. O-O c6 8. e4
fxe4 9. Nxe4 Bg4 10. Ned2 Na6 11. h3 Bd7 12. a3 Qc7 13. Re1 Rae8 14. Qb3 Qb6
15. Qxb6 axb6 16. Rb1 Nh5 17. b4 Nf4 18. Bc2 Nc7 19. Bb2 b5 20. c5 Ncd5 21. Ng5
Nf6 22. cxd6 exd6 23. Nde4 Nxe4 24. Nxe4 Bf5 25. Nxd6 Rxe1+ 26. Rxe1 Bxc2 27.
Nxb7 Nd3 28. Re2 Nxb2 29. Rxc2 Nc4 30. Na5 Nxa3 31. Ra2 Nc4 32. Nxc6 Rf7 33.
Nd8 Rd7 34. Ra8 Bxd4 35. Ne6+ Kf7 36. Ng5+ Kg7 37. Ne6+ Kh6 38. g4 Bb6 39. Kg2
g5 40. Rf8 Bd4 41. Rf5 Rd6 42. Nxd4 Rxd4 43. Rxb5 Rd6 44. Rc5 Nb6 45. b5 Kg6
46. Rc6 Rxc6 47. bxc6 Kf6 48. Kg3 Ke5 49. c7 Kd6 50. h4 h6 51. hxg5 hxg5 52. f4
1/2-1/2

[Event "BPB Limburg open B"]
[Site "Maastricht"]
[Date "2015.05.23"]
[Round "3"]
[White "Mienis, Dennis"]
[Black "Mestrom, Ton"]
[Result "0-1"]
[WhiteElo "1880"]
[BlackElo "1729"]
[PlyCount "90"]
[EventDate "2015.05.22"]
[EventType "swiss"]
[EventRounds "7"]
[EventCountry "NED"]
[Source "P.Boonen"]
[SourceDate "2015.10.01"]

1. c4 c5 2. Nc3 g6 3. e3 Bg7 4. Nge2 Nf6 5. d4 O-O 6. g3 d6 7. Bg2 Nc6 8. O-O
Qc7 9. b3 a6 10. Bb2 Rb8 11. d5 Na7 12. Ne4 Nxe4 13. Bxg7 Nxf2 14. Rxf2 Kxg7
15. Qc2 b5 16. h4 e5 17. dxe6 Bxe6 18. h5 bxc4 19. Qc3+ f6 20. Raf1 Nb5 21. Qa1
Qe7 22. Nf4 cxb3 23. axb3 Nc7 24. Be4 Bf7 25. hxg6 Bxg6 26. Bxg6 hxg6 27. g4
Rb4 28. g5 Qxe3 29. gxf6+ Kf7 30. Ng2 Qd4 31. Qa5 Nd5 32. Qxa6 Nxf6 33. Kh1
Rh8+ 34. Kg1 Rxb3 35. Qa7+ Kg8 36. Qe7 Rf3 37. Qd8+ Kg7 38. Qe7+ Kh6 39. Ne1
Rg3+ 40. Ng2 Nh5 41. Kh2 Qg4 42. Qxd6 Rh3+ 43. Kg1 Ng3 44. Qd2+ Qg5 45. Ne3
Ne2# 0-1

[Event "BPB Limburg open B"]
[Site "Maastricht"]
[Date "2015.05.23"]
[Round "3"]
[White "Moog, Gerhard"]
[Black "Rutten, David"]
[Result "0-1"]
[WhiteElo "1869"]
[BlackElo "1826"]
[PlyCount "80"]
[EventDate "2015.05.22"]
[EventType "swiss"]
[EventRounds "7"]
[EventCountry "NED"]
[Source "P.Boonen"]
[SourceDate "2015.10.01"]

1. e4 c5 2. Nf3 d6 3. d4 cxd4 4. Nxd4 Nf6 5. Nc3 a6 6. f3 e5 7. Nb3 Be6 8. Bg5
Be7 9. Qd2 Nbd7 10. Be2 O-O 11. O-O b5 12. Rad1 Qb6+ 13. Be3 Qc7 14. a3 Nb6 15.
g4 d5 16. exd5 Nfxd5 17. Nxd5 Nxd5 18. Kg2 Nxe3+ 19. Qxe3 Qxc2 20. Na5 Qxb2 21.
Nc6 Qxa3 22. Rd3 Qc5 23. Nxe7+ Qxe7 24. Qxe5 Rfd8 25. Re3 Qd6 26. f4 Qxe5 27.
Rxe5 Rd5 28. Re3 Rd2 29. Rf2 Rc8 30. Kg3 Kf8 31. f5 Bc4 32. Bxc4 Rxf2 33. Kxf2
Rxc4 34. Ra3 Rxg4 35. Rxa6 Rf4+ 36. Kg3 Rxf5 37. Rb6 Ke7 38. Kg4 g6 39. h4 h5+
40. Kg3 Kd7 0-1

[Event "BPB Limburg open B"]
[Site "Maastricht"]
[Date "2015.05.23"]
[Round "3"]
[White "Nguyen, Sang"]
[Black "De Freytas, Paul"]
[Result "1/2-1/2"]
[WhiteElo "1803"]
[BlackElo "1964"]
[PlyCount "63"]
[EventDate "2015.05.22"]
[EventType "swiss"]
[EventRounds "7"]
[EventCountry "NED"]
[Source "P.Boonen"]
[SourceDate "2015.10.01"]

1. d4 d5 2. Nf3 Nf6 3. Bf4 c6 4. e3 Qb6 5. b3 Bg4 6. Bd3 e6 7. O-O Be7 8. h3
Bh5 9. Nbd2 Nbd7 10. c4 O-O 11. c5 Qd8 12. Qc2 Bg6 13. Bxg6 hxg6 14. b4 Nh7 15.
Rab1 g5 16. Bh2 a6 17. a4 f5 18. b5 axb5 19. axb5 g4 20. hxg4 fxg4 21. Ne5 Nxe5
22. Bxe5 Qe8 23. bxc6 bxc6 24. Rb7 Bf6 25. Bd6 Rf7 26. Rb6 Rfa7 27. Rfb1 Ra1
28. Qb2 Rxb1+ 29. Nxb1 Ng5 30. Rb8 Rxb8 31. Qxb8 Qxb8 32. Bxb8 1/2-1/2

[Event "BPB Limburg open B"]
[Site "Maastricht"]
[Date "2015.05.23"]
[Round "3"]
[White "Ouwersloot, Hans"]
[Black "Heijenrath, Jan"]
[Result "1/2-1/2"]
[WhiteElo "1983"]
[BlackElo "1740"]
[PlyCount "83"]
[EventDate "2015.05.22"]
[EventType "swiss"]
[EventRounds "7"]
[EventCountry "NED"]
[Source "P.Boonen"]
[SourceDate "2015.10.01"]

1. e4 e5 2. Nf3 Nc6 3. d4 exd4 4. Nxd4 Qf6 5. Nxc6 Qxc6 6. Bd3 Bb4+ 7. c3 Be7
8. O-O d6 9. Nd2 Nf6 10. h3 O-O 11. Qe2 a6 12. Nf3 Qe8 13. Bd2 Bd7 14. Rad1 Bb5
15. Nd4 Bxd3 16. Qxd3 Bd8 17. Rfe1 Nd7 18. Nf5 Bf6 19. f4 g6 20. Nh6+ Kh8 21.
Ng4 Bg7 22. Be3 Nf6 23. Nf2 Rd8 24. g4 Qb5 25. Qc2 Rde8 26. Bd4 Re7 27. c4 Qc6
28. Qc3 Ne8 29. Bxg7+ Nxg7 30. Rd5 f6 31. e5 fxe5 32. fxe5 dxe5 33. Rexe5 Ref7
34. Re2 Kg8 35. Rde5 Qf6 36. Qe3 Qf4 37. Qxf4 Rxf4 38. R5e4 R4f7 39. Re7 Rxe7
40. Rxe7 Rf7 41. Rxf7 Kxf7 42. Ne4 1/2-1/2

[Event "BPB Limburg open B"]
[Site "Maastricht"]
[Date "2015.05.23"]
[Round "3"]
[White "Perdomo Araujo, Angel Eduardo"]
[Black "Geboers, Jimmy"]
[Result "1/2-1/2"]
[WhiteElo "1979"]
[BlackElo "1889"]
[PlyCount "39"]
[EventDate "2015.05.22"]
[EventType "swiss"]
[EventRounds "7"]
[EventCountry "NED"]
[Source "P.Boonen"]
[SourceDate "2015.10.01"]

1. e4 e6 2. d4 d5 3. Nd2 Nf6 4. e5 Nfd7 5. Bd3 c5 6. c3 Nc6 7. Ne2 Qb6 8. Nf3
cxd4 9. cxd4 f6 10. exf6 Nxf6 11. O-O Bd6 12. Re1 O-O 13. Ng3 Bd7 14. a3 a5 15.
Bc2 Rfe8 16. Qd3 e5 17. dxe5 Nxe5 18. Nxe5 Bxe5 19. Be3 Qxb2 20. Nh5 {.....}
1/2-1/2

[Event "BPB Limburg open B"]
[Site "Maastricht"]
[Date "2015.05.23"]
[Round "3"]
[White "Persoons, Bart"]
[Black "Mercan, Oscar"]
[Result "1-0"]
[WhiteElo "1759"]
[BlackElo "1794"]
[PlyCount "49"]
[EventDate "2015.05.22"]
[EventType "swiss"]
[EventRounds "7"]
[EventCountry "NED"]
[Source "P.Boonen"]
[SourceDate "2015.10.01"]

1. d4 Nf6 2. c4 e6 3. Nc3 d5 4. Bg5 c6 5. e3 Nbd7 6. Nf3 Bd6 7. Qc2 O-O 8. cxd5
exd5 9. Bd3 Qc7 10. O-O h6 11. Bh4 Re8 12. a3 Ng4 13. Bg3 Bxg3 14. hxg3 Ndf6
15. Rae1 Nh5 16. Nxd5 Qd7 17. Nf4 Nxg3 18. fxg3 Nxe3 19. Qe2 Kf8 20. Ne5 Rxe5
21. dxe5 Ng4 22. e6 Qd4+ 23. Kh1 g5 24. Ng6+ Kg8 25. exf7+ 1-0